| 000 | 00470nam a2200181Ia 4500 | ||
|---|---|---|---|
| 005 | 20240605043914.0 | ||
| 008 | 240331s9999 xx 000 0 und d | ||
| 020 | _a0861318293 | ||
| 082 |
_bSOC _a376 |
||
| 245 | 0 |
_aSocialisation education and women : _bexplorations in gender identity |
|
| 260 |
_aLondon _bSangam Books Limited _c1988 |
||
| 300 | _a320 p., | ||
| 650 | _aWomen | ||
| 650 | _aSociology | ||
| 650 | _aEducation | ||
| 700 | _aChanana, K. ed | ||
| 942 | _cL | ||
| 999 |
_c2973 _d2973 |
||